| 000 | 01002nam a2200229Ia 4500 | ||
|---|---|---|---|
| 001 | 273.6-ROQ mi re (21786) | ||
| 003 | IT-MiSPE | ||
| 008 | 171229s9999||||xx |||||||||||||| ||und|| | ||
| 040 |
_aIT-MiSPE _cIT-MiSPE |
||
| 041 | _aFRANCESE | ||
| 100 | _aMichel Roquebert | ||
| 245 | 0 |
_aLa religion cathare _bLe Bien, le Mal et le Salut dans l'hérésie |
|
| 250 | _a1a ed. (v) | ||
| 260 |
_aParis _bPerrin _c2001 |
||
| 300 |
_a441 p. _c18 cm |
||
| 490 |
_aTempus _v259 |
||
| 500 | _aCatari | ||
| 501 | _aEdizioni San Paolo srl - Piazza Soncino, 5 - 20092 CINISELLO BALSAMO (MI) (non commercial uses only) ® Copyright 2018 | ||
| 942 | _cBK | ||
| 957 | _71 | ||
| 999 |
_a10512 _bNO _g Copie: 1 _c348308 _d348308 |
||